NLSUI OPAC header image

National conference on amendments to the constitution (Seventy-Third/Seventy Fourth Amendment) Acts, 1992 (Record no. 39944)

MARC details
000 -LEADER
fixed length control field 00476nam a2200157Ia 4500
008 - FIXED-LENGTH DATA ELEMENTS--GENERAL INFORMATION
fixed length control field 160316s1999 xxu||||| |||| 00| 0 eng d
082 ## - DEWEY DECIMAL CLASSIFICATION NUMBER
Classification number 346.043200
Item number SHA
100 ## - MAIN ENTRY--PERSONAL NAME
Personal name Sharma S.V.
245 ## - TITLE STATEMENT
Title National conference on amendments to the constitution (Seventy-Third/Seventy Fourth Amendment) Acts, 1992
250 ## - EDITION STATEMENT
Edition statement
260 ## - PUBLICATION, DISTRIBUTION, ETC.
Place of publication, distribution, etc. New Delhi
Name of publisher, distributor, etc. Institute of Social Sciences
Date of publication, distribution, etc. 1999
300 ## - PHYSICAL DESCRIPTION
Extent 25
Other physical details
Dimensions
365 ## - TRADE PRICE
Price amount
650 ## - SUBJECT ADDED ENTRY--TOPICAL TERM
Topical term or geographic name entry element 1. Constitution - legislation
700 ## - ADDED ENTRY--PERSONAL NAME
Personal name
--
Holdings
Withdrawn status Lost status Damaged status Not for loan Home library Current library Shelving location Date acquired Total Checkouts Full call number Barcode Date last seen Price effective from Koha item type
        . .   30.05.2017   346.0432 SHA REP300651 30.05.2017 30.05.2017 Repository